00000000nam 2200000zi 4500
0019.880386
003CaOODSP
00520250130141341
006m     o  d f      
007cr |||||||||||
008191008t20192019oncabo  o    f000 0 eng d
020 |a9780660314570
040 |aCaOODSP|beng|erda|cCaOODSP
043 |an-cn---
0861 |aCi44-18/2019E-PDF
24500|aGovernment-Assisted Refugee Program : |brefugee resettlement in Canada.
24610|aRefugee resettlement in Canada
264 1|a[Ottawa] : |bImmigration, Refugees and Citizenship Canada = Immigration, réfugiés et citoyenneté Canada, |c[2019]
264 4|c©2019
300 |a1 online resource (13 pages) : |billustrations, maps, photographs
336 |atext|btxt|2rdacontent
337 |acomputer|bc|2rdamedia
338 |aonline resource|bcr|2rdacarrier
500 |aCaption title.
500 |aAt head of title: GAR.
500 |aIssued also in French under title: Programme des réfugiés pris en charge par le gouvernement : réinstallation des réfugiés au Canada.
500 |aIssued also in Amharic, Arabic, Dari, Farsi, Oromo, Somali, Spanish, Swahili and Tigrinya.
520 |a"Important Information - You want to come to Canada and your application has received an initial review by Canadian officials. Now you are wondering what will happen next. Your selection as an eligible refugee is an important step in the resettlement process. But it is not the last step. This is information about the next steps in the process, and about Canada"--Page [1].
650 0|aRefugees|xServices for|zCanada.
650 0|aAssisted emigration|zCanada.
7101 |aCanada. |bImmigration, Refugees and Citizenship Canada.
77508|tProgramme des réfugiés pris en charge par le gouvernement : |w(CaOODSP)9.880388
77508|t[Government-Assisted Refugee Program] : |w(CaOODSP)9.880389
77508|t[Government-Assisted Refugee Program] : |w(CaOODSP)9.880412
77508|t[Government-Assisted Refugee Program] : |w(CaOODSP)9.880413
77508|t[Government-Assisted Refugee Program] : |w(CaOODSP)9.880422
77508|t[Government-Assisted Refugee Program] : |w(CaOODSP)9.880428
77508|t[Government-assisted Refugee Program] : |w(CaOODSP)9.880432
77508|t[Government-Assisted Refugee Program] : |w(CaOODSP)9.880390
77508|t[Government-Assisted Refugee Program] : |w(CaOODSP)9.880420
77508|t[Government-Assisted Refugee Program] : |w(CaOODSP)9.880430
795 |tGovernment-Assisted Refugee resettlement in Canada |b2014|w(CaOODSP)9.822182
85640|qPDF|s1.37 MB|uhttps://publications.gc.ca/collections/collection_2020/ircc/Ci44-18-2019-eng.pdf
986 |a2627-11-2019